00645cam a2200193 a 4500020001500000082001600015100001900031245004600050250001200096260003400108300003200142650001200174650001200186856006700198856005900265942000700324999001500331952010500346 a047117275800a550/.72 DAV1 aDavis, John C.10aStatistics and data analysis in geology / a3rd ed. aNew York :bJ. Wiley,cc2002. axvi, 638 p. :bill., maps ; 0aGeology 0aGeology42uhttp://www.loc.gov/catdir/description/wiley041/2004270387.html41uhttp://www.loc.gov/catdir/toc/wiley041/2004270387.html cBK c2419d2419 0010708NFICaICbICcGENd2015-10-24l0o550/.72 DAVp003990r2015-10-24 00:00:00w2015-10-24yREF